[Event "Lignano Sabbiadoro op 5th"]
[Site "Lignano Sabbiadoro"]
[Date "2019.07.31"]
[Round "6"]
[White "Volodin, Aleksandr"]
[Black "Lain, Luigi"]
[Result "1-0"]
[WhiteElo "2464"]
[BlackElo "2259"]
[PlyCount "45"]
[EventDate "2019.07.27"]
[EventType "swiss"]
[EventRounds "9"]
[EventCountry "ITA"]
[SourceTitle "CBM 191 Extra"]
[Source "ChessBase"]
[SourceDate "2019.09.30"]
[SourceVersion "1"]
[SourceVersionDate "2019.09.30"]
[SourceQuality "1"]

1. d4 Nf6 2. c4 e6 3. Nf3 d5 4. Nc3 Nbd7 5. cxd5 exd5 6. Bg5 Be7 7. e3 c6 8. Qc2 0-0 9. Bd3 Re8 10. 0-0 Ne4 11. Bxe4 Bxg5 12. Bxh7+ Kh8 13. Bd3 Be7 14. Rad1 Nf6 15. Ne5 Kg8 16. h3 Bd6 17. f4 Nd7 18. Bh7+ Kf8 19. Nxf7 Kxf7 20. Qg6+ Kf8 21. Qxd6+ Qe7 22. Qxe7+ Rxe7 23. Kf2 1-0

[Event "Lignano Sabbiadoro op 5th"]
[Site "Lignano Sabbiadoro"]
[Date "2019.07.28"]
[Round "2"]
[White "Varga, Marcell1111"]
[Black "Lain, Luigi"]
[Result "1/2-1/2"]
[WhiteElo "2011"]
[BlackElo "2259"]
[PlyCount "108"]
[EventDate "2019.07.27"]
[EventType "swiss"]
[EventRounds "9"]
[EventCountry "ITA"]
[SourceTitle "CBM 191 Extra"]
[Source "ChessBase"]
[SourceDate "2019.09.30"]
[SourceVersion "1"]
[SourceVersionDate "2019.09.30"]
[SourceQuality "1"]

1. c4 c5 2. Nf3 Nc6 3. Nc3 g6 4. g3 Bg7 5. Bg2 e6 6. e3 Nge7 7. 0-0 0-0 8. a3 d5 9. cxd5 exd5 10. d4 b6 11. Ne5 Nxe5 12. dxe5 Bb7 13. f4 Qd7 14. b4 f6 15. exf6 Bxf6 16. Bb2 Rad8 17. bxc5 bxc5 18. Rb1 Nf5 19. Re1 d4 20. Qb3+ Rf7 21. Ne4 Bxe4 22. Bxe4 Kg7 23. Rbd1 Re7 24. Bxf5 Qxf5 25. exd4 Rxe1+ 26. Rxe1 cxd4 27. Qb7+ Rd7 28. Qe4 Qxe4 29. Rxe4 d3 30. Bxf6+ Kxf6 31. Re1 d2 32. Rd1 Kf5 33. Kf2 Ke4 34. Ke2 h5 35. Rxd2 Rxd2+ 36. Kxd2 Kf3 37. Kd3 Kg2 38. Ke3 Kxh2 39. Kf2 Kh3 40. Kf3 a6 41. a4 a5 42. Kf2 Kg4 43. Kg2 h4 44. gxh4 Kxf4 45. Kh3 Kf3 46. h5 gxh5 47. Kh4 Ke4 48. Kxh5 Kd4 49. Kg4 Kc4 50. Kf3 Kb3 51. Ke3 Kxa4 52. Kd2 Kb3 53. Kc1 Ka2 54. Kc2 a4 1/2-1/2

[Event "Bratto op 37th"]
[Site "Bratto"]
[Date "2017.08.26"]
[Round "8"]
[White "Lain, Luigi"]
[Black "Gasanov, Eldar"]
[Result "0-1"]
[WhiteElo "2271"]
[BlackElo "2466"]
[PlyCount "110"]
[EventDate "2017.08.19"]
[EventType "swiss"]
[EventRounds "9"]
[EventCountry "ITA"]
[SourceTitle "CBM 180 Extra"]
[Source "ChessBase"]
[SourceDate "2017.10.06"]
[SourceVersion "1"]
[SourceVersionDate "2017.10.06"]
[SourceQuality "1"]

1. d4 e6 2. c4 Bb4+ 3. Nc3 c5 4. a3 Bxc3+ 5. bxc3 Nf6 6. f3 d5 7. cxd5 exd5 8. e3 Qc7 9. Ne2 0-0 10. Ng3 Re8 11. Be2 b6 12. 0-0 Ba6 13. Bxa6 Nxa6 14. Qd3 Qb7 15. Bb2 c4 16. Qd2 Re6 17. Rae1 Rae8 18. Bc1 b5 19. Qc2 Nb8 20. Rf2 a5 21. Rfe2 b4 22. e4 g6 23. Bg5 b3 24. Qd2 Nfd7 25. Bh6 f6 26. Qc1 Na6 27. Qb1 Nc7 28. Bc1 Nb5 29. Bb2 Nd6 30. Bc1 Nb6 31. e5 Nb5 32. Bb2 Na4 33. Qc1 Qe7 34. f4 f5 35. Nf1 Nxb2 36. Qxb2 Qxa3 37. Qxa3 Nxa3 38. Ra1 Nb5 39. Re3 Ra6 40. Ra4 Nc7 41. Re1 Nb5 42. Re3 Rea8 43. Nd2 Na7 44. Nb1 h6 45. Kf2 Kf7 46. Rh3 Kg7 47. Rg3 Nc8 48. Ke1 Nb6 49. Ra1 a4 50. Na3 Nd7 51. Kd2 Rb8 52. Nb1 a3 53. Rxa3 Rxa3 54. Nxa3 Ra8 55. Nb5 Ra1 0-1

[Event "Bergamo op 16th"]
[Site "Bergamo"]
[Date "2017.07.16"]
[Round "5"]
[White "Kuljasevic, Davorin"]
[Black "Lain, Luigi"]
[Result "1/2-1/2"]
[WhiteElo "2546"]
[BlackElo "2225"]
[PlyCount "68"]
[EventDate "2017.07.14"]
[EventType "swiss"]
[EventRounds "9"]
[EventCountry "ITA"]
[SourceTitle "EXT 2018"]
[Source "ChessBase"]
[SourceDate "2017.10.13"]
[SourceVersion "1"]
[SourceVersionDate "2017.10.13"]
[SourceQuality "1"]

1. d4 Nf6 2. c4 e6 3. Nc3 Bb4 4. Qc2 0-0 5. Nf3 b6 6. e4 Bb7 7. Bd3 Bxc3+ 8. bxc3 h6 9. 0-0 d6 10. Nd2 e5 11. f4 Nfd7 12. Ba3 c5 13. fxe5 dxe5 14. d5 Nf6 15. Nf3 Nbd7 16. Bc1 Ne8 17. Be3 Nd6 18. Nd2 f6 19. Rf3 Rf7 20. Raf1 Nf8 21. Rg3 g5 22. Qd1 Rc8 23. Qh5 Rh7 24. Rgf3 Ne8 25. Bc2 Rcc7 26. R3f2 Bc8 27. Ba4 Bd7 28. Qd1 Bxa4 29. Qxa4 Rcf7 30. Rb1 Nd6 31. Qc2 Nd7 32. Qa4 Nf8 33. Qc2 Nd7 34. Qa4 Nf8 1/2-1/2

[Event "Bergamo op 16th"]
[Site "Bergamo"]
[Date "2017.07.15"]
[Round "4"]
[White "Lain, Luigi"]
[Black "Valsecchi, Alessio"]
[Result "1-0"]
[WhiteElo "2225"]
[BlackElo "2506"]
[PlyCount "111"]
[EventDate "2017.07.14"]
[EventType "swiss"]
[EventRounds "9"]
[EventCountry "ITA"]
[SourceTitle "EXT 2018"]
[Source "ChessBase"]
[SourceDate "2017.10.13"]
[SourceVersion "1"]
[SourceVersionDate "2017.10.13"]
[SourceQuality "1"]

1. d4 e6 2. c4 b6 3. e4 Bb4+ 4. Nc3 Bb7 5. Qc2 Qh4 6. Bd3 f5 7. Nf3 Bxc3+ 8. Qxc3 Qg4 9. 0-0 fxe4 10. Ne5 Qf5 11. Bc2 d6 12. Ba4+ c6 13. Qg3 dxe5 14. Qxg7 Nd7 15. Qxh8 0-0-0 16. Qg7 exd4 17. Qxd4 Nc5 18. Qg7 Nxa4 19. Bg5 Re8 20. Rad1 Nc5 21. b4 Nd3 22. f3 Qe5 23. Qxe5 Nxe5 24. fxe4 Ba6 25. Rd4 Bxc4 26. Rfd1 Ne7 27. Bf6 N7g6 28. h4 Be2 29. Rd8+ Rxd8 30. Rxd8+ Kc7 31. Re8 Kd6 32. Rd8+ Nd7 33. e5+ Kc7 34. Ra8 c5 35. Rxa7+ Kc6 36. Kf2 Bd3 37. bxc5 bxc5 38. Ke3 Ngxe5 39. Bxe5 Nxe5 40. g4 c4 41. Ra6+ Kd5 42. Ra5+ Kd6 43. Ra6+ Nc6 44. h5 Kc5 45. g5 Bf5 46. Kd2 Nd4 47. g6 hxg6 48. h6 Nf3+ 49. Kc3 Ng5 50. Ra7 Ne4+ 51. Kb2 c3+ 52. Kb3 Nf6 53. Rf7 c2 54. Kb2 g5 55. Rxf6 Bd3 56. Rxe6 1-0

[Event "Bratto op 36th"]
[Site "Bratto"]
[Date "2016.08.26"]
[Round "7"]
[White "Lain, Luigi"]
[Black "Sveshnikov, Vladimir"]
[Result "0-1"]
[WhiteElo "2227"]
[BlackElo "2404"]
[PlyCount "96"]
[EventDate "2016.08.20"]
[EventType "swiss"]
[EventRounds "9"]
[EventCountry "ITA"]
[SourceTitle "CBM 174 Extra"]
[Source "ChessBase"]
[SourceDate "2016.10.10"]
[SourceVersion "1"]
[SourceVersionDate "2016.10.10"]
[SourceQuality "1"]

1. d4 d5 2. c4 e6 3. Nc3 c6 4. e4 dxe4 5. Nxe4 Bb4+ 6. Bd2 Qxd4 7. Bxb4 Qxe4+ 8. Be2 Qxg2 9. Bf3 Qg5 10. Ne2 Ne7 11. Rg1 Qh4 12. Rxg7 Qf6 13. Qd6 Nf5 14. Qc7 Nd7 15. Bc3 e5 16. Rg4 Ng7 17. Bh1 Ne6 18. Qa5 b6 19. Qa4 Bb7 20. Bxc6 Nec5 21. Bxd7+ Nxd7 22. Rd1 0-0-0 23. b4 Qf3 24. Rg3 Qh1+ 25. Rg1 Qe4 26. f3 Qxc4 27. Rg4 Qc7 28. Qb3 b5 29. Rg7 Rhf8 30. Rxf7 Rxf7 31. Qxf7 Qc4 32. Qf5 Bc6 33. Qd3 Qh4+ 34. Kf1 Rf8 35. f4 Qxh2 36. Qd6 Qh1+ 37. Kf2 Qh4+ 38. Ke3 Rf6 39. Qe7 Qh3+ 40. Kd2 Re6 41. Qg5 exf4 42. Nxf4 Qe3+ 43. Kc2 Rg6 44. Qh4 Rg3 45. Bd4 Qe4+ 46. Kc1 Rf3 47. Ng2 Qxh4 48. Nxh4 Rf4 0-1

[Event "Lignano Sabbiadoro op 2nd"]
[Site "Lignano Sabbiadoro"]
[Date "2016.08.04"]
[Round "6"]
[White "Lain, Luigi"]
[Black "Calavalle, Giulio"]
[Result "1-0"]
[WhiteElo "2227"]
[BlackElo "2221"]
[PlyCount "87"]
[EventDate "2016.07.31"]
[EventType "swiss"]
[EventRounds "9"]
[EventCountry "ITA"]
[SourceTitle "CBM 173 Extra"]
[Source "ChessBase"]
[SourceDate "2016.08.29"]
[SourceVersion "1"]
[SourceVersionDate "2016.08.29"]
[SourceQuality "1"]

1. d4 d5 2. c4 e6 3. Nc3 Be7 4. cxd5 exd5 5. Qc2 Nf6 6. Bg5 0-0 7. e3 h6 8. Bh4 Be6 9. Bd3 c5 10. Nge2 Nc6 11. dxc5 d4 12. Rd1 dxc3 13. Bxf6 Bxf6 14. Bh7+ Kh8 15. Rxd8 Rfxd8 16. bxc3 g6 17. Bxg6 fxg6 18. Qxg6 Rf8 19. Qxh6+ Kg8 20. Qg6+ Kh8 21. f4 Bg8 22. 0-0 Bh7 23. Qh5 Be7 24. Nd4 Nxd4 25. cxd4 Rf5 26. Qf3 Rb8 27. e4 Rf7 28. f5 Rd8 29. Qh5 Rdf8 30. g4 Rg7 31. h3 Bg5 32. Rf3 Kg8 33. h4 Bc1 34. g5 Bb2 35. Rd3 Rd8 36. Qd1 Kf8 37. Qd2 Ba1 38. h5 Bg8 39. f6 Rgd7 40. d5 Be5 41. Qf2 Rc7 42. g6 Rdc8 43. Qf5 Ba1 44. g7+ 1-0

[Event "Lignano Sabbiadoro op 2nd"]
[Site "Lignano Sabbiadoro"]
[Date "2016.07.31"]
[Round "1"]
[White "Dionigi, Riccardo"]
[Black "Lain, Luigi"]
[Result "1-0"]
[WhiteElo "2049"]
[BlackElo "2227"]
[PlyCount "117"]
[EventDate "2016.07.31"]
[EventType "swiss"]
[EventRounds "9"]
[EventCountry "ITA"]
[SourceTitle "CBM 173 Extra"]
[Source "ChessBase"]
[SourceDate "2016.08.29"]
[SourceVersion "1"]
[SourceVersionDate "2016.08.29"]
[SourceQuality "1"]

1. d4 Nf6 2. c4 e6 3. g3 c5 4. d5 exd5 5. cxd5 b5 6. Bg2 Bb7 7. Nc3 b4 8. Ne4 Nxe4 9. Bxe4 g6 10. Bg2 Bg7 11. Nf3 0-0 12. Nd2 Re8 13. Nc4 Ba6 14. Qc2 Qf6 15. 0-0 Qd4 16. Ne3 d6 17. Rd1 Qe5 18. Bf3 Nd7 19. Qa4 Bc8 20. Nc4 Qe7 21. Qc6 Ne5 22. Nxe5 Bb7 23. Nxg6 hxg6 24. Qa4 a5 25. Qc2 a4 26. Rb1 Bc8 27. e4 Bd4 28. Kg2 Qf6 29. Qe2 Ba6 30. Qd2 Re7 31. h4 Bc8 32. Qf4 c4 33. Qxf6 Bxf6 34. Bf4 Ra6 35. Rdc1 c3 36. bxc3 bxc3 37. Rb8 Re8 38. Bg4 Bd7 39. Rxe8+ Bxe8 40. Be2 Rb6 41. Bd3 Kf8 42. Rb1 Rxb1 43. Bxb1 Ke7 44. Bd3 Bd4 45. Kf3 a3 46. Bc1 Bc5 47. Ke2 Ba4 48. f4 Bb3 49. Bxa3 Bxa2 50. Bxc5 dxc5 51. Bc2 Bc4+ 52. Ke3 Kd6 53. g4 Bf1 54. h5 gxh5 55. gxh5 Ke7 56. h6 Kf8 57. d6 Bb5 58. e5 Kg8 59. Bf5 1-0

[Event "FIN-chT2 Gp1 1516"]
[Site "Finland"]
[Date "2016.01.09"]
[Round "5.1"]
[White "Kapanen, Konstantin"]
[Black "Lain, Luigi"]
[Result "0-1"]
[WhiteElo "2067"]
[BlackElo "2143"]
[PlyCount "92"]
[EventDate "2015.09.12"]
[EventType "team-tourn"]
[EventRounds "6"]
[EventCountry "FIN"]
[SourceTitle "EXT 2017"]
[Source "ChessBase"]
[SourceDate "2016.10.25"]
[SourceVersion "1"]
[SourceVersionDate "2016.10.25"]
[SourceQuality "1"]
[WhiteTeam "Turku AS"]
[BlackTeam "Turku TuTS II"]
[WhiteTeamCountry "FIN"]
[BlackTeamCountry "FIN"]

1. e4 e5 2. Nf3 Nc6 3. g3 Bc5 4. Bg2 d6 5. 0-0 Nge7 6. c3 f5 7. d4 exd4 8. cxd4 Bb6 9. d5 Ne5 10. Nxe5 dxe5 11. Qh5+ g6 12. Qh6 Ng8 13. Qg7 Qf6 14. Bh6 Bd7 15. Qxf6 Nxf6 16. Bg7 Kf7 17. Bxh8 Rxh8 18. Nc3 Ke7 19. Rad1 fxe4 20. Nxe4 Rf8 21. Nc3 Kd6 22. Rd2 Bd4 23. Re1 b5 24. a3 a5 25. h3 b4 26. axb4 axb4 27. Ne4+ Nxe4 28. Rxe4 Bc8 29. Rexd4 exd4 30. Rxd4 Kc5 31. Rd2 Kc4 32. f4 Kb3 33. Bf3 Bxh3 34. Bd1+ Ka2 35. Rd4 Rb8 36. b3 h5 37. Kf2 Ka3 38. Ke3 Rd8 39. Kd3 Bf1+ 40. Ke4 Re8+ 41. Kf3 Bh3 42. Kf2 Rd8 43. Rd3 Bf5 44. Rd4 c5 45. Rd2 c4 46. d6 c3 0-1

[Event "Bratto op 35th"]
[Site "Bratto"]
[Date "2015.08.25"]
[Round "4"]
[White "Vuelban, Virgilio"]
[Black "Lain, Luigi"]
[Result "1/2-1/2"]
[WhiteElo "2349"]
[BlackElo "2143"]
[PlyCount "116"]
[EventDate "2015.08.22"]
[EventType "swiss"]
[EventRounds "9"]
[EventCountry "ITA"]
[SourceTitle "EXT 2016"]
[Source "ChessBase"]
[SourceDate "2015.10.08"]
[SourceVersion "1"]
[SourceVersionDate "2015.10.08"]
[SourceQuality "1"]

1. c4 g6 2. d4 Nf6 3. Nc3 Bg7 4. e4 d6 5. Be2 0-0 6. Nf3 Nbd7 7. 0-0 e5 8. Qc2 exd4 9. Nxd4 Nc5 10. Rd1 a5 11. Bg5 Qe8 12. f3 h6 13. Be3 Nfd7 14. Qd2 Kh7 15. Ndb5 Na6 16. Rac1 Ndc5 17. Re1 Bd7 18. Bd1 Be6 19. Bd4 f6 20. b3 Qf7 21. Bc2 a4 22. Ne2 c6 23. Nbc3 Nb4 24. Nf4 Nxc2 25. Qxc2 axb3 26. axb3 Bd7 27. Red1 Rfd8 28. b4 Ne6 29. Nxe6 Bxe6 30. Bb6 Bxc4 31. Bxd8 Bb3 32. Qd3 Bxd1 33. Qxd6 Bb3 34. Bb6 f5 35. Bd4 Bf8 36. Qe5 Bxb4 37. exf5 Re8 38. fxg6+ Qxg6 39. Qc7+ Re7 40. Qc8 Qg8 41. Qf5+ Qg6 42. Qc8 Qg8 43. Qxg8+ Bxg8 44. Ne4 Kg6 45. h4 Bd5 46. Nf6 Re1+ 47. Rxe1 Bxe1 48. h5+ Kg5 49. Nxd5 cxd5 50. g4 Bd2 51. Kf2 b5 52. Ke2 Bc1 53. Bc3 Kf4 54. Bf6 b4 55. Be7 b3 56. Bd6+ Kg5 57. Be7+ Kf4 58. Bd6+ Kg5 1/2-1/2